Tainted target (Record no. 72023)

MARC details
000 -LEADER
fixed length control field 01336cam a2200253 4500
001 - CONTROL NUMBER
control field ABS66345
008 - FIXED-LENGTH DATA ELEMENTS--GENERAL INFORMATION
fixed length control field 030131n2002 000 0 eng u
035 ## - SYSTEM CONTROL NUMBER
System control number (Sirsi) u121198
100 ## - MAIN ENTRY--PERSONAL NAME
Personal name Kearns, A.
245 ## - TITLE STATEMENT
Title Tainted target
260 ## - PUBLICATION, DISTRIBUTION, ETC.
Date of publication, distribution, etc. 2002
490 ## - SERIES STATEMENT
Series statement Scottish Builder and Engineer
Volume/sequential designation (74) December 2002, 30-36(4)
520 ## - SUMMARY, ETC.
Summary, etc. Examines the barriers to achieving brownfield development targets, in particular the complexities and cost of remediating contaminated land. Argues that government should provide greater financial incentives to encourage developers to build on brownfield land and that regulations governing the treatment of contamination should be streamlined. Discusses the problems with Mobile Plant Licenses and other required permissions and illustrates how the Landfill Directive will significantly increase the cost of disposal to landfill, the main alternative to on-site treatment. Provides details of non-traditional methods of contaminated land remediation such as soil washing and the use of bacteria.
590 ## - LOCAL NOTE (RLIN)
Local note ABS
650 ## - SUBJECT ADDED ENTRY--TOPICAL TERM
Topical term or geographic name entry element CONTAMINATED LAND
650 ## - SUBJECT ADDED ENTRY--TOPICAL TERM
Topical term or geographic name entry element SOIL WASHING
650 ## - SUBJECT ADDED ENTRY--TOPICAL TERM
Topical term or geographic name entry element BACTERIA
650 ## - SUBJECT ADDED ENTRY--TOPICAL TERM
Topical term or geographic name entry element DIRECTIVE 99/31/EC
650 ## - SUBJECT ADDED ENTRY--TOPICAL TERM
Topical term or geographic name entry element BROWNFIELD SITES
650 ## - SUBJECT ADDED ENTRY--TOPICAL TERM
Topical term or geographic name entry element REMEDIATION
650 ## - SUBJECT ADDED ENTRY--TOPICAL TERM
Topical term or geographic name entry element BROWNFIELD DEVELOPMENT
690 ## - LOCAL SUBJECT ADDED ENTRY--TOPICAL TERM (OCLC, RLIN)
Topical term or geographic name as entry element ENVIRONMENT-CONTAMINATION
942 ## - ADDED ENTRY ELEMENTS (KOHA)
Suppress in OPAC 0
Holdings
Withdrawn status Lost status Source of classification or shelving scheme Damaged status Not for loan Home library Current library Shelving location Date acquired Total Checkouts Full call number Barcode Date last seen Copy number Price effective from Koha item type
    Dewey Decimal Classification     London London Journal article 31/01/2003   ABS66345 121198-1001 06/08/2019 1 06/08/2019 Journal article